| 000 | 00671nam a22001697a 4500 | ||
|---|---|---|---|
| 003 | macl | ||
| 005 | 20200920165103.0 | ||
| 008 | 200920b xxu||||| |||| 00| 0 eng d | ||
| 040 | _cmacl | ||
| 082 | _a800/SAR | ||
| 100 |
_aशर्मा लक्ष्मण प्रसाद _979708 |
||
| 245 | _aसौन्दय शास्.त्र की अवधारणा | ||
| 260 |
_aदिल्ली _bहिन्दी पुस्तक संस्थान मथुरा _c2019 |
||
| 650 |
_aहिन्दी साहित्य _936757 |
||
| 690 |
_aहिन्दी साहित्य _936757 |
||
| 942 |
_2ddc _cHIN |
||
| 999 |
_c63326 _d63326 |
||